| 000 | 00725nam a2200169 i 4500 | ||
|---|---|---|---|
| 001 | 165428 | ||
| 003 | ES-MaACL | ||
| 005 | 20230906213132.0 | ||
| 008 | 050824s1871 sp |||| | spa d | ||
| 100 | 1 |
_aSirera y Mallén, Eugenio. _9132767 |
|
| 245 | 1 | 0 |
_a2º apéndice al Porvenir de la juventud _bo Reseña de todas las carreras civiles y militares de España / _cpor Eugenio Sirera. |
| 246 | 3 | 0 | _aReseña de todas las carreras civiles y militares de España |
| 260 |
_aMadrid : _b[s.n.], _c1871 ( _fImp. de J.M. Lapuente) |
||
| 300 |
_a26 p. ; _c21 cm. |
||
| 650 | 4 |
_aEnseñanza superior- _zEspaña- _yS.XIX. _9144821 |
|
| 852 |
_aES-MaACL _jT-568-F-1 _z- Enc. hol. conservando la cub. original _z- Enc. en un vol. facticio |
||
| 999 |
_c165428 _d165428 |
||